15 największych miast Włoch - Statystyki

Ogólne statystyki
  • Ten quiz został rozwiązany 194 razy
  • Średni wynik to 11 z 15
Statystyki odpowiedzi
Ludność Miasto % Poprawnych
2 746 639 Rzym
100%
1 361 908 Mediolan
99%
909 937 Neapol
97%
249 684 Wenecja
94%
836 661 Turyn
92%
360 444 Florencja
85%
628 348 Palermo
82%
388 171 Bolonia
73%
558 328 Genua
72%
315 666 Bari
71%
255 267 Werona
62%
298 008 Katania
55%
206 448 Padwa
39%
198 173 Triest
34%
217 891 Mesyna
18%
Nie znaleziono quizów pasujących do podanych kryteriów
Rozkład punktacji
Procent ludzi z każdym wynikiem
Percentyl według liczby udzielonych odpowiedzi
Twoja historia wyników
Nie rozwiązałeś tego quizu